书目信息 |
| 题名: |
关汉卿杂剧选译
|
|
| 作者: | 关汉卿 著 ;黄仕忠 译注 | |
| 分册: | ||
| 出版信息: | 成都 巴蜀书社 1991 |
|
| 页数: | 335页 | |
| 开本: | 19cm | |
| 丛书名: | 古代文史名著选译丛书 | |
| 单 册: | ||
| 中图分类: | I237.1 , I211 | |
| 科图分类: | ||
| 主题词: | 杂剧--剧本--中国--元代--选集 , 文学--作品集--中国 | |
| 电子资源: | ||
| ISBN: | 7-80523-358-6 | |
| 000 | 00867nam2 2200277 450 | |
| 001 | 1571287531 | |
| 005 | 20150120194925.18 | |
| 010 | @a7-80523-358-6@dCNY28.00 | |
| 100 | @a20021005d1991 em y0chiy0110 ea | |
| 101 | 0 | @achi |
| 102 | @aCN@b510000 | |
| 105 | @af zr 000by | |
| 200 | 1 | @a关汉卿杂剧选译@9guan han qing za ju xuan yi@f(元)关汉卿著@g黄仕忠译注 |
| 210 | @a成都@c巴蜀书社@d1991 | |
| 215 | @a335页@c插图@d19cm | |
| 225 | 2 | @a古代文史名著选译丛书@i宋元明清@f章培恒等主编 |
| 300 | @a国家教委古籍整理“七·五”规划重点项目 | |
| 461 | 0 | @12001 @a古代文史名著选译丛书 |
| 606 | 0 | @a杂剧@x剧本@y中国@z元代@x选集 |
| 606 | 0 | @a文学@x作品集@x中国 |
| 690 | @aI237.1@v5 | |
| 690 | @aI211@v4 | |
| 701 | 0 | @c(元)@a关汉卿@9guan han qing@4著 |
| 702 | 0 | @a黄仕忠@9huang shi zhong@f(1960~)@4译注 |
| 801 | 0 | @aCN@bTSSF@c20150120 |
| 905 | @aZUCC@dI211@eJY91 | |
| 关汉卿杂剧选译/(元)关汉卿著/黄仕忠译注.-成都:巴蜀书社,1991 |
| 335页:插图;19cm.-(古代文史名著选译丛书.宋元明清/章培恒等主编) |
| 国家教委古籍整理“七·五”规划重点项目 |
| ISBN 7-80523-358-6:CNY28.00 |
| ● |
| 相关链接 |
|
|
|
|
正题名:关汉卿杂剧选译
索取号:I211/JY91
 
预约/预借
| 序号 | 登录号 | 条形码 | 馆藏地/架位号 | 状态 | 备注 |
| 1 | 7837097 | 278370978 | 学院路分馆/ [索取号:I211/JY91] | 在馆 |